LIBRARY & INFORMATION CENTRE, KCAET, TAVANUR

ONLINE PUBLIC ACCESS CATALOGUE (OPAC)

Text book of magnetism and electricity / (Record no. 11107)

MARC details
000 -LEADER
fixed length control field 00454cam a2200181ua 4500
041 ## - LANGUAGE CODE
Language code of text/sound track or separate title eng
082 ## - DEWEY DECIMAL CLASSIFICATION NUMBER
Classification number 537
Item number KHA/TE
100 ## - MAIN ENTRY--AUTHOR NAME
Personal name Khare, N.S .
245 ## - TITLE STATEMENT
Title Text book of magnetism and electricity /
260 ## - PUBLICATION, DISTRIBUTION, ETC. (IMPRINT)
Place of publication New Delhi :
Name of publisher Atmaram and Sons ,
Year of publication 1967.
300 ## - PHYSICAL DESCRIPTION
Number of Pages 697 ; .
700 1# - ADDED ENTRY--PERSONAL NAME
Personal name Srivastava, S.S .
942 ## - ADDED ENTRY ELEMENTS (KOHA)
Koha item type Books
Holdings
Withdrawn status Lost status Damaged status Home library Current library Date acquired Full call number Accession Number Koha item type
      KAUAET KAUAET 07/04/2012 537 KHA/TE 11429 Books
free website counter